| 000 | 01127cac a22003491u 4500 | ||
|---|---|---|---|
| 003 | EG-ScBUE | ||
| 005 | 20220615100400.0 | ||
| 006 | m||||fq||h 00| 0 | ||
| 008 | 100609r20062001enkab f 000 0 eng d | ||
| 020 | _a0521686482 | ||
| 020 | _a9780521686488 | ||
| 040 |
_aEG-ScBUE _beng _erda _cEG-ScBUE _dEG-ScBUE |
||
| 082 | 0 | 4 |
_a428.64 _bNAY _222 |
| 100 | 1 |
_aNaylor, Helen, _eauthor. _914621 |
|
| 245 | 1 | 0 |
_aTwo lives / _bHelen Naylor. |
| 250 | _aEighth printing. | ||
| 264 | 1 |
_aCambridge : _bCambridge University Press, _c2006. |
|
| 300 |
_a64 pages : _billustrations, maps ; _c20 cm + _e2 CD |
||
| 336 |
_2rdacontent _atext _btxt |
||
| 336 |
_2rdacontent _asounds _bsnd |
||
| 337 |
_2rdamedia _aunmediated _bn |
||
| 337 |
_2rdamedia _aaudio _bs |
||
| 338 |
_2rdacarrier _avolume _bnc |
||
| 338 |
_2rdacarrier _acomputer disc _bcd |
||
| 490 | 0 |
_aCambridge English readers ; _vlevel 3 |
|
| 650 | 7 |
_aEnglish language _vTextbooks for foreign speakers. _2BUEsh _914622 |
|
| 650 | 7 |
_aReaders (Adult) _2BUEsh |
|
| 651 | _2BUEsh | ||
| 653 | _bHHUUEENN | ||
| 655 |
_vReading book _934232 |
||
| 942 |
_cBB _k428.64 NAY _2ddc |
||
| 999 |
_c3234 _d3234 |
||